Parki Narodowe w Polsce - Statystyki

Ogólne statystyki
  • Ten quiz został rozwiązany 1 175 razy
  • Średni wynik to 31 z 46
Statystyki odpowiedzi
Lp. Odpowiedź Symbol % Poprawnych
11. Białowieski Park Narodowy żubr
88%
20. Tatrzański Park Narodowy kozica tatrzańska
88%
18. Ojcowski Park Narodowy nietoperz
83%
9. Biebrzański Park Narodowy batalion (bojownik)
81%
5. Słowiński Park Narodowy mewa
79%
3. Wielkopolski Park Narodowy puszczyk
79%
14. Świętokrzyski Park Narodowy jeleń
78%
7. Kampinoski Park Narodowy łoś
76%
23. Bieszczadzki Park Narodowy ryś
73%
4. lubuskie, zachodniopomorske, wielkopolskie
73%
22. podkarpackie, małopolskie
72%
7. mazowieckie
71%
1. Woliński Park Narodowy bielik
71%
17. małopolskie
70%
18. małopolskie
70%
19. małopolskie
70%
20. małopolskie
70%
21. małopolskie
70%
2. Park Narodowy „Ujście Warty” gęś zbożowa
70%
5. pomorskie
70%
6. pomorskie
70%
15. Karkonoski Park Narodowy dzwonek karkonoski i goryczka trojeściowa
68%
16. Park Narodowy Gór Stołowych Fotel Pradziada
68%
8. podlaskie
67%
9. podlaskie
67%
10. podlaskie
67%
11. podlaskie
67%
1. zachodniopomorskie
67%
15. dolnośląskie
66%
16. dolnośląskie
66%
21. Pieniński Park Narodowy Trzy Korony
66%
8. Wigierski Park Narodowy bóbr na tle jeziora Wigry
66%
12. lubelskie
65%
13. lubelskie
65%
2. lubuskie
64%
23. podkarpackie
64%
6. Park Narodowy „Bory Tucholskie” głuszec
61%
3. wielkopolskie
61%
14. świętokrzyskie
60%
17. Babiogórski Park Narodowy okrzyn jeleni
57%
12. Poleski Park Narodowy żuraw
55%
13. Roztoczański Park Narodowy konik polski
55%
19. Gorczański Park Narodowy salamandra plamista
52%
10. Narwiański Park Narodowy błotniak stawowy
52%
22. Magurski Park Narodowy orlik krzykliwy
51%
4. Drawieński Park Narodowy wydra
47%
Nie znaleziono quizów pasujących do podanych kryteriów
Rozkład punktacji
Procent ludzi z każdym wynikiem
Percentyl według liczby udzielonych odpowiedzi
Twoja historia wyników
Nie rozwiązałeś tego quizu